Normal view
MARC view
Entry Personal Name
001 - CONTROL NUMBER
- control field: 12643
003 - CONTROL NUMBER IDENTIFIER
- control field: ARRUPE
005 - DATE AND TIME OF LATEST TRANSACTION
- control field: 20141114114949.0
008 - FIXED-LENGTH DATA ELEMENTS
- fixed length control field: 141114|| aca||aabn | a|a d
040 ## - CATALOGING SOURCE
- Original cataloging agency: ARRUPE
- Transcribing agency: ARRUPE
100 ## - HEADING--PERSONAL NAME
- Personal name: Tannenbaum, Frank,
- Dates associated with a name: 1893-1969.
670 ## - SOURCE DATA FOUND
- Source citation: Work cat.: (ARRUPE)0: Tannenbaum, Frank, 1893-1969., Slave and citizen,, 1947 [i.e. 1946]